Clic Film : Qui joue ces rôles dans Le jour le plus long - Statistiques

Statistiques générales
  • Ce quiz a été pris 4 fois
  • Le résultat moyen est 11 sur 29
Statistiques - réponses
Hint Réponse % Correct
La mère supérieure Madeleine Renaud
100%
Jeanine Boitard Irina Dernick
75%
Mme Barrault Arletty
50%
Maire de Colleville Bourvil
50%
Commandant Philippe Kieffer Christian Marquand
50%
Général Gunther Blumentritt Curd Jürgens
50%
Le maire de Sainte-Mère-l'Eglise Georges Wilson
50%
Brigadier général Théodore Roosevelt Jr Henry Fonda
50%
Contre-amiral Jaujard Jean Servais
50%
Lieutenant-colonel Benjamin Vandervoort John Wayne
50%
Brigadier Lord Lovat Peter Lawford
50%
Brigadier général Norman Cota Robert Mitchum
50%
Soldat Martini Sal Mineo
50%
Soldat Flanagan Sean Connery
50%
Feld marechal Erwin Rommel Werner Hinz
50%
Général Walter Smith Alexander Knox
25%
Général Dwight Eisenhower Henry Grace
25%
Brigadier général 82e Airborne James Gavin
25%
Père Louis Roulland Jean-Louis Barrault
25%
Général Robert Haines Mel Ferrer
25%
Un ranger américain (et compositeur de la chanson du film) Paul Anka
25%
Feld marechal Gert Von Rundstedt Paul Hartmann
25%
Major John Howard Richard Todd
25%
Un ranger américain Robert Wagner
25%
Général Alfred Jodl Wolfgang Lukschy
25%
Sergent Kaffeekanne Gert Fröbe
0%
Major Werner Pluskat Hans Christian Blech
0%
Général Omar Bradley Nicholas Stuart
0%
Soldat John Steele Red Buttons
0%
Aucun quiz correspondant
Distribution des résultats
% des personnes avec chaque résultat
Percentile par nombre de réponses
Votre historique - résultats
Vous n’avez pas pris ce quiz